A Text Book of Plate Analysis/ (Record no. 159398)

MARC details
000 -LEADER
fixed length control field 00655nam a2200229 a 4500
008 - FIXED-LENGTH DATA ELEMENTS--GENERAL INFORMATION
fixed length control field
049 ## - LOCAL HOLDINGS (OCLC)
Holding library MAIN
090 ## - LOCALLY ASSIGNED LC-TYPE CALL NUMBER (OCLC); LOCAL CALL NUMBER (RLIN)
Classification number (OCLC) (R) ; Classification number, CALL (RLIN) (NR) TA660.P6BAI
003 - CONTROL NUMBER IDENTIFIER
control field
005 - DATE AND TIME OF LATEST TRANSACTION
control field 20231205150512.0
040 ## - CATALOGING SOURCE
Transcribing agency NUST
100 1# - MAIN ENTRY--PERSONAL NAME
Personal name Bairagi, N.K.
245 10 - TITLE STATEMENT
Title A Text Book of Plate Analysis/
Statement of responsibility, etc. N.K. Bairagi
260 ## - PUBLICATION, DISTRIBUTION, ETC.
Place of publication, distribution, etc. New Delhi :
Name of publisher, distributor, etc. Khanna Publishers,
Date of publication, distribution, etc. 1986
300 ## - PHYSICAL DESCRIPTION
Extent xviii,310 p. :
Other physical details ill. ;
Dimensions 21 cm.
500 ## - GENERAL NOTE
General note Fracture Mechanics
650 ## - SUBJECT ADDED ENTRY--TOPICAL TERM
Topical term or geographic name entry element Structural Stability
650 ## - SUBJECT ADDED ENTRY--TOPICAL TERM
Topical term or geographic name entry element Strains and Stresses
650 #1 - SUBJECT ADDED ENTRY--TOPICAL TERM
Topical term or geographic name entry element Plate(engineering)
General subdivision Testing
907 ## - LOCAL DATA ELEMENT G, LDG (RLIN)
a .b1017154x
b 20-06-06
c 16-08-05
942 ## - ADDED ENTRY ELEMENTS (KOHA)
Koha item type Ordinary Loan Books
Call number prefix TA660.P6BAI
Koha issues (borrowed), all copies 1
Holdings
Date last seen Total Checkouts Full call number Barcode Date last checked out Cost, replacement price Price effective from Koha item type Lost status Source of classification or shelving scheme Damaged status Not for loan Collection Withdrawn status Home library Current library Shelving location Date acquired Cost, normal purchase price
12/16/2023 5 TA660.P6 BAI 92003017534 12/05/2023 80.00 01/23/2023 BOOKS   LCC     NFIC   MAIN MAIN GEN 01/23/2023 80.00